| 000 | 01518cam a2200289 i 4500 | ||
|---|---|---|---|
| 001 | 6205 | ||
| 003 | FISKH | ||
| 005 | 20250328100052.0 | ||
| 008 | 120611s2012 stka 000 0 eng | ||
| 010 | _a 2012427312 | ||
| 020 | _a9781847172471 | ||
| 040 |
_aDLC _beng _cDLC _erda |
||
| 050 | _aPR6019.O9 D8 | ||
| 082 | _a823.912 | ||
| 100 | 1 |
_aJoyce, James, _d1882-1941. |
|
| 245 | 1 | 0 |
_aDubliners / _cJames Joyce ; introduction by John Boyne. |
| 260 |
_aDublin : _bThe O'Brien Press, _c2012. |
||
| 300 |
_a256 pages : _billustrations ; _c20 cm |
||
| 336 |
_atext _2rdacontent |
||
| 337 |
_aunmediated _2rdamedia |
||
| 338 |
_avolume _2rdacarrier |
||
| 520 | _aThese vivid, tightly focused observations about the life of Dublin's poorer classes originally made publishers uneasy: the stories contain unconventional themes and coarse language, and they mention actual people and places. Today, however, the stories are admired. They are considered to be masterful representations of Dublin done with economy and grace-representations, as Joyce himself once explained, of a chapter in the moral history of Ireland that give the Irish a good look at themselves. Although written for the Irish specifically, these stories-from the opening tale The Sisters to the final masterpiece The Dead-focus on moments of revelation that are common to all people. | ||
| 651 | 0 |
_aDublin (Ireland) _xSocial life and customs _vFiction. |
|
| 906 |
_a7 _bcbc _corigcop _d2 _encip _f20 _gy-gencatlg |
||
| 942 |
_2ddc _cBK _n0 |
||
| 999 |
_c6205 _d6205 |
||